| 000 | 01162cas a2200337 a 4500 | ||
|---|---|---|---|
| 001 | 11301256 | ||
| 003 | OSt | ||
| 005 | 20150616161737.0 | ||
| 008 | 830208d1981198uke wr p 0 a0eng c | ||
| 010 | _a 85646257 | ||
| 035 | _a(OCoLC)ocm09202049 | ||
| 037 | _bP.O. Box 14205 | ||
| 040 |
_aNNUT _beng _cNNUT _dN _dDLC _dNST _dDLC _dNST _dOCoLC |
||
| 042 | _apcc | ||
| 043 | _af------ | ||
| 050 | 0 | 0 |
_aBR1359 _b.A37 |
| 245 | 0 | 0 | _aAfrican Christian. |
| 260 |
_aNairobi, Kenya : _bAfrica Church Information Service |
||
| 300 |
_av. : _bill. ; _c27 cm. |
||
| 310 | _aWeekly | ||
| 362 | 1 | _aBegan with issue for Mar. 16, 1981. | |
| 515 | _aNumbering irregular: issue for Apr. 27, 1981 called v. 1, no. 1; for May 4, 1981 called v. 1, no. 2. | ||
| 590 | _aSERBIB/SERLOC merged record | ||
| 650 | 0 |
_aChristianity _zAfrica _vPeriodicals. |
|
| 710 | 2 | _aAfrica Church Information Service. | |
| 776 | 0 | 8 |
_iOnline version: _tAfrican Christian _w(OCoLC)707072220 |
| 785 | 0 | 0 |
_tAfrican observer (Nairobi, Kenya) _w(DLC)sn 92011067 _w(OCoLC)17943765 |
| 906 |
_a7 _bcbc _cserials _d3 _encip _f19 _gn-oclcserc |
||
| 942 |
_2lcc _cPER |
||
| 999 |
_c44766 _d44766 |
||